000 01553cam a2200265 a 4500
001 2076219
005 20260205050637.0
008 940503s1993 enka b 001 0 eng
010 _a 94153439
020 _a9780521457118
_q(pbk.)
082 _a338.1091 ELL
100 1 _aEllis, Frank
245 1 0 _aPeasant economics :
_bfarm households and agrarian developoment /
_cFrank Ellis.
250 _a2nd ed.
260 _aCambridge :
_bCambridge University Press,
_c1993.
300 _axviii, 309 p. :
_bill. ;
_c23 cm.
440 0 _aWye studies in agricultural and rural development
505 _aPart I. Peasants, Economics, Political Economy: 1. Peasants; 2. The neoclassical theory of farm production; 3. Elements of peasant political economy; Part II. The Theory of the Optimising Peasant: 4. The profit-maximising peasant; 5. The risk-averse peasant; 6. The drudgery-averse peasant; 7. The farm household peasant; 8. The sharecropping peasant; Part III. Inside the Peasant Household: 9. Women in the peasant household; Part IV. Further Topics and Overview: 10. Farm size and factor productivity; 11. Technical change; 12. Environment; 13. Peasant economics in perspective; References; Index
650 0 _aPeasants
_zDeveloping countries
_xEconomic conditions.
650 0 _aPeasants
_zDeveloping countries
_xSocial conditions.
650 0 _aQuality of life
_zDeveloping countries.
651 0 _aDeveloping countries
_xRural conditions.
856 4 1 _3Table of contents
_uhttp://www.loc.gov/catdir/toc/cam029/94153439.html
942 _2ddc
_cBK
999 _c111946
_d111946